000 00797nam a2200253Ia 4500
003 OSt
005 20220928115709.0
006 a|||||r|||| 00| 0
007 ta
008 220927b |||||||| |||| 00| 0 eng d
020 _c1950
024 _a106756
037 _b539, 17/02/2010, Bharatiya Sahitya Bhavana
_cTextual
040 _aSDCL
_cSDCL
_beng
041 _2eng
_aeng
082 _aV2,94'P, P9
100 _aRoy Kaushik
_9406799
245 0 _aOxford companion to modern warfare in India
_b From the eighteenth century to present times.
260 _aNew Delhi
_bOxford University Press
_c2009
300 _axi,326p
_ccm.
650 _aHistory
942 _hV2,94'P, P9
_cTEXL
_2CC
999 _c760561
_d760561